|
|
|
|
| LEADER |
00998nz a2200373n 4500 |
| 001 |
000056590 |
| 003 |
SVKKK |
| 005 |
00000000000000.0 |
| 008 |
06 |n|annnnaabn | a|c |
| FMT |
|
|
|
| 040 |
|
|
|a SVKKK
|b slo
|e AACR2
|
| 080 |
|
|
|a 82.03
|
| 080 |
|
|
|a 82.09
|
| 080 |
|
|
|a 885.4
|
| 100 |
1 |
|
|a DEDINSKÝ-MITTELMANN, Móric,
|d 1914-1989
|
| 670 |
|
|
|a Pri odchode M.M. Dedinského
|
| 670 |
|
|
|a Za Móricom Mittelmannom-Dedinským
|
| 678 |
0 |
|
|a Narodený 23.09.1914 Žbince, zomrel 06.05.1989 Literatúra slovenská, poézia, preklady literárne, kritika literárna
|
| 909 |
|
|
|a SK
|
| 971 |
|
|
|
| 972 |
|
|
|
| 973 |
|
|
|
| 975 |
|
|
|
| 976 |
|
|
|
| 977 |
|
|
|
| 978 |
|
|
|
| 993 |
|
|
|
| 993 |
|
|
|
| 993 |
|
|
|
| 993 |
|
|
|
| 995 |
|
|
|a Rosenbaum, Karol
|c Za Móricom Mittelmannom-Dedinským
|d Slovenská literatúra, 36, 1989, č.5, s.480-481
|
| 995 |
|
|
|c Pri odchode M.M. Dedinského
|d Literárny týždenník, 2, 19.5.1989, č.20, s.2. Obr.1
|
| BAS |
|
|
|
| 998 |
|
|
|a REOS
|